000 00659nam a22002297a 4500
999 _c966
_d966
001 966
003 BD-JhCC
005 20171101110004.0
008 171012s20071990bg a|||| ||a| 00| 0 ben d
020 _a984410310 X
035 _a(BD-JhCC)966
040 _aBD-JhCC
_dBD-JhCC
041 _aben
082 _a891.443
_bSOR 2007
100 _aসরকার, মঞ্জু
245 _aপ্রতিমা উপাখ্যান /
_cমঞ্জু সরকার
260 _aঢাকা :
_bমাওলা ব্রাদার্স,
_c2007
300 _a96 p. :
_bills;
_c21 cm.
650 _aBengali Novel
942 _2ddc
_cBK